000 004450000a22001570004500
003 MACL
005 20180313132013.0
008 180313b xxu||||| |||| 00| 0 eng d
040 _cMACL
100 _aप्रयाग शुक्‍ल
_953602
245 _aकल और आज
260 _bनेशनल बुक ट्रस्‍ट
_c1993
350 _a40
650 _aकहानी
_971282
942 _cHIN
_k891.433/SHU/S
_2ddc
999 _c19787
_d19787